000 00964nam a2200169 a 4500
008 120416s2002 ||||||||||||||||| || u
050 _aHT 1521 Uni
110 _aUnited Nations Organisation (UNO)
245 1 0 _aWorld Conference against racism, racial discrimination, xenophobia and ralated intolerance; declaration and programme of action
260 _aNew York:
_bUnited Nations department of Public information
_c2002
300 _aiii, 145p.
350 _a0.00
650 _aRACISM
995 _aANNEX COLLECTION (Main Library)
_D0.00
_e736301
_FCBU-MAIN LIBRARY (Kitwe)
_H1
_I8.00
_jHT 1521 Uni
_M1
_UAVAILABLE
_y39948
_ZAnnex Low-Usage Collection
995 _aMAIN LIBRARY OPEN ACCESS
_D0.00
_e736303
_FCBU-MAIN LIBRARY (Kitwe)
_H2
_I8.00
_jHT 1521 Uni
_M2
_UAVAILABLE
_y39950
_ZMain Library Open Access Collection
995 _aMAIN LIBRARY OPEN ACCESS
_D0.00
_e736302
_FCBU-MAIN LIBRARY (Kitwe)
_H3
_I8.00
_jHT 1521 Uni
_M3
_UAVAILABLE
_y39949
_ZMain Library Open Access Collection
999 _c83219
_d83219